000 00533nam a22001697a 4500
003 OSt
005 20241016144844.0
008 241016b |||||||| |||| 00| 0 eng d
040 _c0
082 _aDPer050 M72 January-March 2018 v. 66 no. 8-10
100 _aJala, Evangelina T.
_eauthor.
_963058
245 _aGraduation message /
_cEvangelina T. Jala.
260 _aManila, Philippines ;
_bIn the Grade School, Inc,
_cMarch 2018.
300 _aVolume 66,pages 368, 369.
700 _aEvangelina T. Jala
_931702
942 _2ddc
_cPER
999 _c22627
_d22627